000 01167nam a2200313 a 4500
001 000115398
003 CHAP
005 20220329144533.0
008 190517s2018 mx a |sm |||||||spa d
010 _a111859
011 _a112831
040 _cCHAP
090 _aTesis
100 1 _aRodríguez González, Israel.
_9135658
245 1 0 _aConteo de especies de fauna silvestre muertas y vivas en canales de riego en Poanas, Durango
_h[En línea]
_cpor Israel Rodríguez González.
260 _aBermejillo, Durango, Méx. :
_bEl autor,
_c2018.
500 _aPara ver el contenido del material haga clic en la liga
502 _aTesis (Ing. en Sistemas Pecuarios) -- UACH. Unidad Regional Universitaria de Zonas Áridas
590 _aBATCH-UPD
_b05
_c20190517
_lUCH01
_h1252
590 _aE6339RRR
_b05
_c20190517
_lUCH01
_h1251
590 _aE6339RRR
_b05
_c20190517
_lUCH01
_h1251
650 1 4 _aAves
_xHábitos y conducta.
_98611
650 1 4 _aFauna silvestre
_zDurango.
_9135659
650 1 4 _aHidrología
_xMapas
_zMéxico.
_955266
856 _aFinding aid
_uhttp://10.13.5.2/tesis/sist115398.pdf
_zTeclea aquí
901 _aBK
942 _cTESIS
942 _n0
999 _c111859
_d111859